Quantitative genetics in maize breeding

সংরক্ষণ করুন:
গ্রন্থ-পঞ্জীর বিবরন
প্রধান লেখক: Arnel R Hallauer
বিন্যাস: গ্রন্থ
ভাষা:Undetermined
প্রকাশিত: Ames Iowa State University Press 1981
বিষয়গুলি:
ট্যাগগুলো: ট্যাগ যুক্ত করুন
কোনো ট্যাগ নেই, প্রথমজন হিসাবে ট্যাগ করুন!
Thư viện lưu trữ: Trung tâm Học liệu Trường Đại học Cần Thơ
LEADER 00548nam a2200181Ia 4500
001 CTU_38607
008 210402s9999 xx 000 0 und d
082 |a 633.15 
082 |b H182 
100 |a Arnel R Hallauer 
245 0 |a Quantitative genetics in maize breeding 
245 0 |c Arnel R Hallauer, J B Miranda 
260 |a Ames 
260 |b Iowa State University Press 
260 |c 1981 
650 |a corn - breeding,corn genetics,quantitative genetics 
904 |i Liên, 990525 
980 |a Trung tâm Học liệu Trường Đại học Cần Thơ